To the printer of the Delaware advertiser. (Record no. 90998)
[ view plain ]
| 000 -LEADER | |
|---|---|
| fixed length control field | 00990cam a22002531 4500 |
| 001 - CONTROL NUMBER | |
| control field | tmp46000616 |
| 003 - CONTROL NUMBER IDENTIFIER | |
| control field | DLC |
| 005 - DATE AND TIME OF LATEST TRANSACTION | |
| control field | 20260227112752.0 |
| 008 - FIXED-LENGTH DATA ELEMENTS--GENERAL INFORMATION | |
| fixed length control field | 010707s1830 pau 000 0 eng |
| 010 ## - LIBRARY OF CONGRESS CONTROL NUMBER | |
| LC control number | tmp46000616 |
| 040 ## - CATALOGING SOURCE | |
| Original cataloging agency | DLC |
| Transcribing agency | CarP |
| Modifying agency | DLC |
| 043 ## - GEOGRAPHIC AREA CODE | |
| Geographic area code | n-us-pa |
| 050 00 - LIBRARY OF CONGRESS CALL NUMBER | |
| Classification number | HD6096.P5 |
| Item number | C3 |
| 051 ## - LIBRARY OF CONGRESS COPY, ISSUE, OFFPRINT STATEMENT | |
| Classification number | H33 |
| Item number | .C3 no. 14 |
| Copy information | Another copy of the third letter is in his Miscellaneous pamphlets. [Philadelphia, 1831] 24 cm. no. 14 |
| 100 1# - MAIN ENTRY--PERSONAL NAME | |
| Personal name | Carey, Mathew, |
| Dates associated with a name | 1760-1839. |
| 245 10 - TITLE STATEMENT | |
| Title | To the printer of the Delaware advertiser. |
| 260 ## - PUBLICATION, DISTRIBUTION, ETC. | |
| Place of publication, distribution, etc. | [Philadelphia, |
| Date of publication, distribution, etc. | 1830] |
| 300 ## - PHYSICAL DESCRIPTION | |
| Extent | 4, 4, 4 p. |
| Dimensions | 21 cm. |
| 500 ## - GENERAL NOTE | |
| General note | Caption title. |
| 500 ## - GENERAL NOTE | |
| General note | Three letters on the low wages paid to women, signed by M. Carey, and dated February 9, March 1, and March 30? 1830. |
| 500 ## - GENERAL NOTE | |
| General note | LC copy of third letter imperfect: four lines at bottom of each page cut off. |
| Institution to which field applies | DLC |
| 650 #0 - SUBJECT ADDED ENTRY--TOPICAL TERM | |
| Topical term or geographic name entry element | Women |
| General subdivision | Employment |
| Geographic subdivision | Pennsylvania |
| -- | Philadelphia. |
| 650 #0 - SUBJECT ADDED ENTRY--TOPICAL TERM | |
| Topical term or geographic name entry element | Wages |
| General subdivision | Women |
| Geographic subdivision | Pennsylvania |
| -- | Philadelphia. |
No items available.